Noms des champions League of Legends - Statistiques

Statistiques générales
  • Ce quiz a été pris 64 fois
  • Le résultat moyen est 68 sur 134
Statistiques - réponses
# Date de sortie Champion % Correct
51 27/04/2010 Garen
82%
63 19/10/2010 Lux
80%
14 21/02/2009 Ashe
76%
98 23/05/2012 Darius
75%
109 19/12/2012 Vi
75%
114 13/06/2013 Aatrox
73%
15 21/02/2009 Annie
73%
60 08/09/2010 Miss Fortune
73%
3 21/02/2009 Teemo
73%
107 13/11/2012 Zed
73%
52 11/05/2010 Akali
71%
116 10/10/2013 Jinx
71%
34 02/09/2009 Blitzcrank
69%
37 19/09/2009 Katarina
69%
2 21/02/2009 Tristana
69%
117 13/12/2013 Yasuo
67%
89 14/12/2011 Ahri
65%
121 14/09/2014 Azir
65%
68 04/01/2011 Caitlyn
65%
47 16/03/2010 Ezreal
65%
95 20/03/2012 Lulu
65%
119 12/05/2014 Braum
61%
115 22/08/2013 Lucian
61%
22 01/05/2009 Tryndamere
61%
17 21/02/2009 Warwick
61%
16 21/02/2009 Alistar
59%
69 17/01/2011 Renekton
59%
103 21/08/2012 Rengar
59%
61 20/09/2010 Sona
59%
12 21/02/2009 Jax
57%
38 01/10/2009 Nasus
57%
110 23/01/2013 Thresh
57%
92 01/02/2012 Ziggs
57%
74 12/04/2011 Brand
55%
20 01/05/2009 Evelynn
55%
49 01/04/2010 Lee Sin
55%
79 13/07/2011 Leona
55%
113 30/04/2013 Lissandra
55%
91 17/01/2012 Sejuani
55%
5 21/02/2009 Sivir
55%
118 27/02/2014 Vel'Koz
55%
84 05/10/2011 Xerath
55%
24 26/06/2009 Amumu
53%
26 10/07/2009 Anivia
53%
134 07/12/2016 Camille
53%
129 01/02/2016 Jhin
53%
23 12/06/2009 Karthus
53%
9 21/02/2009 Morgana
53%
100 07/07/2012 Jayce
51%
105 27/09/2012 Kha'Zix
51%
10 21/02/2009 Maitre Yi
51%
41 02/12/2009 Udyr
51%
59 24/08/2010 Urgot
51%
76 10/05/2011 Vayne
51%
112 29/03/2013 Zac
51%
101 24/07/2012 Zyra
51%
124 03/03/2015 Bard
49%
106 26/10/2012 Elise
49%
128 24/11/2015 Illaoi
49%
122 20/11/2014 Kalista
49%
29 07/08/2009 Kassadin
49%
93 14/02/2012 Nautilus
49%
43 13/01/2010 Poppy
49%
27 10/07/2009 Rammus
49%
83 14/09/2011 Riven
49%
7 21/02/2009 Ryze
49%
104 13/09/2012 Syndra
49%
126 09/07/2015 Tahm Kench
49%
82 24/08/2011 Talon
49%
28 24/07/2009 Veigar
49%
90 29/12/2011 Viktor
49%
130 28/03/2016 Aurelion Sol
47%
99 06/06/2012 Draven
47%
125 28/05/2015 Ekko
47%
13 21/02/2009 Fiddlesticks
47%
30 19/08/2009 Gangplank
47%
85 19/10/2011 Graves
47%
65 16/11/2010 Irelia
47%
11 21/02/2009 Kayle
47%
46 24/02/2010 Mordekaiser
47%
88 29/11/2011 Volibear
47%
67 14/12/2010 Cassiopeia
45%
102 07/08/2012 Diana
45%
94 29/02/2012 Fiora
45%
133 05/10/2016 Ivern
45%
72 01/03/2011 Jarvan IV
45%
64 02/11/2010 LeBlanc
45%
71 16/02/2011 Maokai
45%
54 09/06/2010 Olaf
45%
40 10/10/2009 Shaco
45%
19 18/04/2009 Singed
45%
4 21/02/2009 Soraka
45%
1 21/02/2009 Twisted Fate
45%
57 27/07/2010 Vladimir
45%
78 22/06/2011 Yorick
45%
50 08/04/2010 Kennen
43%
132 10/08/2016 Kled
43%
108 07/12/2012 Nami
43%
8 21/02/2009 Nunu
43%
77 01/06/2011 Orianna
43%
44 02/02/2010 Pantheon
43%
75 26/04/2011 Rumble
43%
86 01/11/2011 Shyvana
43%
6 21/02/2009 Sion
43%
97 08/05/2012 Varus
43%
32 02/09/2009 Dr. Mundo
41%
96 18/04/2012 Hecarim
41%
70 01/02/2011 Karma
41%
53 01/06/2010 Malzahar
41%
42 17/12/2009 Nidalee
41%
111 01/03/2013 Quinn
41%
123 11/12/2014 Rek'Sai
41%
21 01/05/2009 Twitch
41%
56 13/07/2010 Xin Zhao
41%
87 15/11/2011 Fizz
39%
33 02/09/2009 Janna
39%
35 02/09/2009 Malphite
39%
73 15/03/2011 Nocturne
39%
81 09/08/2011 Skarner
39%
25 26/06/2009 Cho'Gath
37%
45 02/02/2010 Gragas
37%
39 10/10/2009 Heimerdinger
37%
127 14/10/2015 Kindred
37%
36 19/09/2009 Corki
35%
120 14/08/2014 Gnar
35%
48 24/03/2010 Shen
35%
31 19/08/2009 Taric
35%
18 18/04/2009 Zilean
35%
58 10/08/2010 Galio
33%
55 24/06/2010 Kog'Maw
33%
131 18/05/2016 Taliyah
31%
80 26/07/2011 Wukong
31%
62 05/10/2010 Swain
29%
66 01/12/2010 Trundle
27%
Aucun quiz correspondant
Distribution des résultats
% des personnes avec chaque résultat
Percentile par nombre de réponses
Votre historique - résultats
Vous n’avez pas pris ce quiz